<?xml version="1.0" encoding="UTF-8"?>
<record
    xmlns:xsi="http://www.w3.org/2001/XMLSchema-instance"
    xsi:schemaLocation="http://www.loc.gov/MARC21/slim http://www.loc.gov/standards/marcxml/schema/MARC21slim.xsd"
    xmlns="http://www.loc.gov/MARC21/slim">

  <leader>01753nam a2200349   4500</leader>
  <controlfield tag="001">113569</controlfield>
  <controlfield tag="003">DR-UNIBE</controlfield>
  <controlfield tag="005">20260427135936.0</controlfield>
  <controlfield tag="008">250507b2007    dr ||||| |||| 00| 0 spa d</controlfield>
  <datafield tag="040" ind1=" " ind2=" ">
    <subfield code="a">BIBLIOTECA UNIBE</subfield>
    <subfield code="c">BIBLIOTECA UNIBE</subfield>
    <subfield code="b">spa</subfield>
  </datafield>
  <datafield tag="041" ind1=" " ind2=" ">
    <subfield code="a">spa</subfield>
  </datafield>
  <datafield tag="082" ind1=" " ind2=" ">
    <subfield code="2">22</subfield>
    <subfield code="a">RD 282.7293 I24d 2007</subfield>
  </datafield>
  <datafield tag="110" ind1="2" ind2=" ">
    <subfield code="a">Iglesia Cat&#xF3;lica. </subfield>
    <subfield code="b">Conferencia del Episcopado Dominicano</subfield>
    <subfield code="9">194986</subfield>
    <subfield code="e">autor</subfield>
  </datafield>
  <datafield tag="245" ind1="1" ind2="0">
    <subfield code="a">Documentos de la Conferencia del Episcopado Dominicano </subfield>
  </datafield>
  <datafield tag="250" ind1=" " ind2=" ">
    <subfield code="a">Segunda edici&#xF3;n</subfield>
  </datafield>
  <datafield tag="260" ind1=" " ind2=" ">
    <subfield code="a">Santo Domingo :</subfield>
    <subfield code="b">BanReservas :</subfield>
    <subfield code="b">Conferencia del Episcopado Dominicano,</subfield>
    <subfield code="c">2007</subfield>
  </datafield>
  <datafield tag="300" ind1=" " ind2=" ">
    <subfield code="a">3 vol&#xFA;mes ;</subfield>
    <subfield code="c">23 cm</subfield>
  </datafield>
  <datafield tag="500" ind1=" " ind2=" ">
    <subfield code="a">Contiene &#xED;ndice onom&#xE1;stico (p&#xE1;ginas: 707-713)</subfield>
  </datafield>
  <datafield tag="500" ind1=" " ind2=" ">
    <subfield code="a">Contiene &#xED;ndice de lugares (p&#xE1;ginas: 715-720)</subfield>
  </datafield>
  <datafield tag="500" ind1=" " ind2=" ">
    <subfield code="a">Contiene &#xED;ndice de de materias (p&#xE1;ginas: 721-736)</subfield>
  </datafield>
  <datafield tag="505" ind1="0" ind2=" ">
    <subfield code="a">Tomo I. Documentos de la Conferencia del Episcopado Dominicano (1955-1990) |
Tomo II. Documentos de la Conferencia del Episcopado Dominicano (1991-1997) |
Tomo III. Documentos de la Conferencia del Episcopado Dominicano (1998-2006)</subfield>
  </datafield>
  <datafield tag="610" ind1=" " ind2=" ">
    <subfield code="a">Conferencia del Episcopado Dominicano</subfield>
    <subfield code="x">Historia</subfield>
    <subfield code="z">Rep&#xFA;blica Dominicana</subfield>
    <subfield code="9">194987</subfield>
  </datafield>
  <datafield tag="650" ind1=" " ind2="7">
    <subfield code="2">lemb</subfield>
    <subfield code="a">Iglesia cat&#xF3;lica</subfield>
    <subfield code="x">Historia</subfield>
    <subfield code="z">Rep&#xFA;blica Dominicana</subfield>
    <subfield code="9">204378</subfield>
  </datafield>
  <datafield tag="650" ind1=" " ind2="7">
    <subfield code="2">lemb</subfield>
    <subfield code="a">Iglesia cat&#xF3;lica</subfield>
    <subfield code="x">Cartas pastorales</subfield>
    <subfield code="9">204379</subfield>
  </datafield>
  <datafield tag="650" ind1=" " ind2="7">
    <subfield code="2">lemb</subfield>
    <subfield code="a">Obispos</subfield>
    <subfield code="z">Rep&#xFA;blica Dominicana</subfield>
    <subfield code="9">204380</subfield>
  </datafield>
  <datafield tag="700" ind1="1" ind2=" ">
    <subfield code="a">Toribio, Daniel</subfield>
    <subfield code="e">presentador</subfield>
    <subfield code="9">157372</subfield>
  </datafield>
  <datafield tag="700" ind1=" " ind2=" ">
    <subfield code="a">Arnaiz, Francisco Jos&#xE9;, S. J.,</subfield>
    <subfield code="d">1925-2014</subfield>
    <subfield code="e">presentador</subfield>
    <subfield code="9">31996</subfield>
  </datafield>
  <datafield tag="700" ind1=" " ind2=" ">
    <subfield code="a">&#xC1;ngeles Fern&#xE1;ndez, Ram&#xF3;n Benito, Monse&#xF1;or,</subfield>
    <subfield code="d">1949 -</subfield>
    <subfield code="e">presentador</subfield>
    <subfield code="9">120313</subfield>
  </datafield>
  <datafield tag="700" ind1="1" ind2=" ">
    <subfield code="a">Brea Franco, Luis O.,</subfield>
    <subfield code="d">1946-2020</subfield>
    <subfield code="e">coordinador</subfield>
    <subfield code="9">42216</subfield>
  </datafield>
  <datafield tag="700" ind1="1" ind2=" ">
    <subfield code="a">Hern&#xE1;ndez Valera, Ignacio</subfield>
    <subfield code="e">coordinador</subfield>
    <subfield code="9">194992</subfield>
  </datafield>
  <datafield tag="942" ind1=" " ind2=" ">
    <subfield code="2">ddc</subfield>
    <subfield code="c">BK</subfield>
  </datafield>
  <datafield tag="999" ind1=" " ind2=" ">
    <subfield code="c">113569</subfield>
    <subfield code="d">113569</subfield>
  </datafield>
  <datafield tag="952" ind1=" " ind2=" ">
    <subfield code="0">0</subfield>
    <subfield code="1">0</subfield>
    <subfield code="2">ddc</subfield>
    <subfield code="7">0</subfield>
    <subfield code="8">GEN-RD</subfield>
    <subfield code="a">Principal</subfield>
    <subfield code="d">2025-03-07</subfield>
    <subfield code="l">0</subfield>
    <subfield code="o">RD 282.7293 I24d 2007</subfield>
    <subfield code="p">250550</subfield>
    <subfield code="r">2025-05-07 10:32:56</subfield>
    <subfield code="t">Vol. 2, Ej. 1</subfield>
    <subfield code="w">2025-05-07</subfield>
    <subfield code="y">BK</subfield>
  </datafield>
  <datafield tag="952" ind1=" " ind2=" ">
    <subfield code="0">0</subfield>
    <subfield code="1">0</subfield>
    <subfield code="2">ddc</subfield>
    <subfield code="7">0</subfield>
    <subfield code="8">GEN-RD</subfield>
    <subfield code="a">Principal</subfield>
    <subfield code="d">2025-03-07</subfield>
    <subfield code="l">1</subfield>
    <subfield code="o">RD 282.7293 I24d 2007</subfield>
    <subfield code="p">250549</subfield>
    <subfield code="r">2026-02-04 11:07:07</subfield>
    <subfield code="s">2026-02-04</subfield>
    <subfield code="t">Vol. 1 Ej. 1</subfield>
    <subfield code="w">2025-05-08</subfield>
    <subfield code="y">BK</subfield>
  </datafield>
  <datafield tag="952" ind1=" " ind2=" ">
    <subfield code="0">0</subfield>
    <subfield code="1">0</subfield>
    <subfield code="2">ddc</subfield>
    <subfield code="7">0</subfield>
    <subfield code="8">GEN-RD</subfield>
    <subfield code="a">Principal</subfield>
    <subfield code="d">2025-03-07</subfield>
    <subfield code="l">0</subfield>
    <subfield code="o">RD 282.7293 I24d 2007</subfield>
    <subfield code="p">250551</subfield>
    <subfield code="r">2025-05-08 09:16:20</subfield>
    <subfield code="t">Vol. 3, Ej. 1</subfield>
    <subfield code="w">2025-05-08</subfield>
    <subfield code="y">BK</subfield>
  </datafield>
</record>
